[Event "Benidorm Satellite preliminary"]
[Site "playchess.com #007036"]
[Date "2009.10.24"]
[Round "8"]
[White "Chessmaestro"]
[Black "Vasily Mln"]
[Result "1-0"]
[WhiteElo "2607"]
[BlackElo "2055"]
[PlyCount "55"]
[EventDate "2009.10.24"]
[EventType "swiss (blitz)"]

1. e4 {[%emt 0:00:02]} c5 {[%emt 0:00:01]} 2. Nf3 {[%emt 0:00:01]} d6 {[%emt 0:
00:01]} 3. d4 {[%emt 0:00:01]} cxd4 {[%emt 0:00:00]} 4. Nxd4 {[%emt 0:00:01]}
Nf6 {[%emt 0:00:01]} 5. Nc3 {[%emt 0:00:00]} a6 {[%emt 0:00:00]} 6. Bg5 {[%emt
0:00:01]} e6 {[%emt 0:00:02]} 7. f4 {[%emt 0:00:01]} Qc7 {[%emt 0:00:01]} 8.
Qf3 {[%emt 0:00:02]} Nc6 {[%emt 0:00:03]} 9. O-O-O {[%emt 0:00:12]} Bd7 {[%emt
0:00:03]} 10. Nb3 {[%emt 0:00:06]} O-O-O {[%emt 0:00:07]} 11. Kb1 {[%emt 0:00:
05]} Kb8 {[%emt 0:00:01]} 12. g4 {[%emt 0:00:01]} Rc8 {[%emt 0:01:03]} 13. Bg2
{[%emt 0:00:03]} Be7 {[%emt 0:00:15]} 14. e5 {[%emt 0:00:02]} dxe5 {[%emt 0:00:
02]} 15. fxe5 {[%emt 0:00:49]} Nxe5 {[%emt 0:00:02]} 16. Qe2 {[%emt 0:00:03]}
Bc6 {[%emt 0:00:10]} 17. Bf4 {[%emt 0:00:04]} Nfd7 {[%emt 0:01:07]} 18. Bxc6 {
[%emt 0:00:06]} bxc6 {[%emt 0:00:02]} 19. Rxd7 {[%emt 0:00:05]} Qxd7 {[%emt 0:
00:07]} 20. Bxe5+ {[%emt 0:00:01]} Ka7 {[%emt 0:00:11]} 21. Rd1 {[%emt 0:00:01]
} Qb7 {[%emt 0:00:04]} 22. Na5 {[%emt 0:00:06]} Qb6 {[%emt 0:00:09]} 23. Rd7+ {
[%emt 0:00:03]} Ka8 {[%emt 0:00:06]} 24. Nc4 {[%emt 0:00:07]} Qb4 {[%emt 0:00:
03]} 25. a3 {[%emt 0:00:04]} Qc5 {[%emt 0:00:03]} 26. Nd6 {[%emt 0:00:08]} Bxd6
{[%emt 0:00:02]} 27. Qxa6+ {[%emt 0:00:02]} Kb8 {[%emt 0:00:02]} 28. Qb7# {
[%emt 0:00:01]} 1-0

[Event "Benidorm Satellite preliminary"]
[Site "playchess.com #007036"]
[Date "2009.10.24"]
[Round "8"]
[White "Sff3"]
[Black "Schachkanone2"]
[Result "1-0"]
[WhiteElo "1681"]
[BlackElo "1441"]
[PlyCount "95"]
[EventDate "2009.10.24"]
[EventType "swiss (blitz)"]

1. e4 {[%emt 0:00:11]} c5 {[%emt 0:02:26]} 2. Nf3 {[%emt 0:00:03]} Nc6 {[%emt
0:00:01]} 3. Nc3 {[%emt 0:00:01]} e6 {[%emt 0:00:02]} 4. d4 {[%emt 0:00:01]}
cxd4 {[%emt 0:00:01]} 5. Nxd4 {[%emt 0:00:00]} Nf6 {[%emt 0:00:02]} 6. a4 {
[%emt 0:00:02]} Be7 {[%emt 0:00:02]} 7. Ndb5 {[%emt 0:00:01]} a6 {[%emt 0:00:
01]} 8. Nd6+ {[%emt 0:00:03]} Bxd6 {[%emt 0:00:01]} 9. Qxd6 {[%emt 0:00:00]}
Qe7 {[%emt 0:00:01]} 10. Bf4 {[%emt 0:00:02]} Qxd6 {[%emt 0:00:02]} 11. Bxd6 {
[%emt 0:00:01]} b5 {[%emt 0:00:03]} 12. axb5 {[%emt 0:00:02]} Bb7 {[%emt 0:00:
01]} 13. bxc6 {[%emt 0:00:04]} Bxc6 {[%emt 0:00:01]} 14. Rxa6 {[%emt 0:00:02]}
Rxa6 {[%emt 0:00:01]} 15. Bxa6 {[%emt 0:00:00]} Nxe4 {[%emt 0:00:03]} 16. Nxe4
{[%emt 0:00:01]} Bxe4 {[%emt 0:00:01]} 17. O-O {[%emt 0:00:03]} f5 {[%emt 0:00:
02]} 18. c4 {[%emt 0:00:04]} Kf7 {[%emt 0:00:01]} 19. c5 {[%emt 0:00:01]} Ra8 {
[%emt 0:00:02]} 20. Be2 {[%emt 0:00:02]} Ra2 {[%emt 0:00:02]} 21. Be5 {[%emt 0:
00:02]} Bd5 {[%emt 0:00:03]} 22. Bc3 {[%emt 0:00:01]} Ke7 {[%emt 0:00:02]} 23.
Rd1 {[%emt 0:00:03]} d6 {[%emt 0:00:01]} 24. cxd6+ {[%emt 0:00:01]} Kxd6 {
[%emt 0:00:01]} 25. Bxg7 {[%emt 0:00:00]} Kc5 {[%emt 0:00:02]} 26. h4 {[%emt 0:
00:02]} Ra8 {[%emt 0:00:05]} 27. h5 {[%emt 0:00:01]} Rg8 {[%emt 0:00:05]} 28.
h6 {[%emt 0:00:00]} Rd8 {[%emt 0:00:01]} 29. Bf3 {[%emt 0:00:02]} Kc6 {[%emt 0:
00:03]} 30. Bxd5+ {[%emt 0:00:01]} exd5 {[%emt 0:00:02]} 31. f4 {[%emt 0:00:04]
} Kc5 {[%emt 0:00:01]} 32. Kf2 {[%emt 0:00:01]} Re8 {[%emt 0:00:01]} 33. Kf3 {
[%emt 0:00:01]} Re4 {[%emt 0:00:01]} 34. g4 {[%emt 0:00:05]} fxg4+ {[%emt 0:00:
02]} 35. Kxg4 {[%emt 0:00:00]} Rc4 {[%emt 0:00:02]} 36. Kg5 {[%emt 0:00:01]}
Rc2 {[%emt 0:00:02]} 37. f5 {[%emt 0:00:01]} Rg2+ {[%emt 0:00:01]} 38. Kf6 {
[%emt 0:00:00]} Rf2 {[%emt 0:00:01]} 39. Ke6 {[%emt 0:00:01]} Re2+ {[%emt 0:00:
02]} 40. Kf7 {[%emt 0:00:01]} Rf2 {[%emt 0:00:03]} 41. f6 {[%emt 0:00:00]} Rf5
{[%emt 0:00:01]} 42. Kg8 {[%emt 0:00:01]} d4 {[%emt 0:00:02]} 43. f7 {[%emt 0:
00:01]} Kc4 {[%emt 0:00:02]} 44. Rxd4+ {[%emt 0:00:02]} Kb3 {[%emt 0:00:02]}
45. Rd5 {[%emt 0:00:02]} Rf2 {[%emt 0:00:03]} 46. f8=R {[%emt 0:00:03]} Rxf8+ {
[%emt 0:00:01]} 47. Kxf8 {[%emt 0:00:00]} Kc4 {[%emt 0:00:02]} 48. Rd7 {[%emt
0:00:02] Schachkanone2 gibt auf} 1-0

[Event "Benidorm Satellite preliminary"]
[Site "playchess.com #007036"]
[Date "2009.10.24"]
[Round "8"]
[White "Master--Sim"]
[Black "Windwolf"]
[Result "0-1"]
[WhiteElo "1998"]
[BlackElo "1940"]
[PlyCount "106"]
[EventDate "2009.10.24"]
[EventType "swiss (blitz)"]

1. d4 {[%emt 0:00:03]} d5 {[%emt 0:00:01]} 2. Nf3 {[%emt 0:00:01]} c6 {[%emt 0:
00:01]} 3. Bf4 {[%emt 0:00:01]} e6 {[%emt 0:00:02]} 4. e3 {[%emt 0:00:01]} Bd6
{[%emt 0:00:01]} 5. Bg3 {[%emt 0:00:03]} f5 {[%emt 0:00:01]} 6. Bd3 {[%emt 0:
00:02]} Nf6 {[%emt 0:00:02]} 7. Ne5 {[%emt 0:00:02]} O-O {[%emt 0:00:01]} 8. f4
{[%emt 0:00:03]} Ne4 {[%emt 0:00:02]} 9. Nd2 {[%emt 0:00:03]} Bxe5 {[%emt 0:00:
04]} 10. fxe5 {[%emt 0:00:04]} Nxg3 {[%emt 0:00:04]} 11. hxg3 {[%emt 0:00:02]}
Qg5 {[%emt 0:00:00]} 12. Qf3 {[%emt 0:00:03]} Nd7 {[%emt 0:00:02]} 13. Qf4 {
[%emt 0:00:02]} Qe7 {[%emt 0:00:02]} 14. O-O-O {[%emt 0:00:03]} c5 {[%emt 0:00:
01]} 15. c3 {[%emt 0:00:03]} c4 {[%emt 0:00:02]} 16. Bc2 {[%emt 0:00:03]} b5 {
[%emt 0:00:01]} 17. g4 {[%emt 0:00:13]} Nb6 {[%emt 0:00:04]} 18. gxf5 {[%emt 0:
00:02]} exf5 {[%emt 0:00:01]} 19. g4 {[%emt 0:00:03]} g6 {[%emt 0:00:06]} 20.
gxf5 {[%emt 0:00:02]} Bxf5 {[%emt 0:00:01]} 21. Bxf5 {[%emt 0:00:03]} Rxf5 {
[%emt 0:00:01]} 22. Qh6 {[%emt 0:00:01]} Raf8 {[%emt 0:00:10]} 23. e4 {[%emt 0:
00:04]} Rf4 {[%emt 0:00:04]} 24. Rdg1 {[%emt 0:00:14]} Qg7 {[%emt 0:00:05]} 25.
Qg5 {[%emt 0:00:07]} dxe4 {[%emt 0:00:06]} 26. Re1 {[%emt 0:00:04]} e3 {[%emt
0:00:44]} 27. Rxe3 {[%emt 0:00:05]} Nd5 {[%emt 0:00:01]} 28. Ree1 {[%emt 0:00:
06]} b4 {[%emt 0:00:03]} 29. e6 {[%emt 0:00:02]} R4f5 {[%emt 0:00:02]} 30. Qg3
{[%emt 0:00:06]} bxc3 {[%emt 0:00:05]} 31. bxc3 {[%emt 0:00:02]} Qe7 {[%emt 0:
00:02]} 32. Nb1 {[%emt 0:00:03]} Nf4 {[%emt 0:00:03]} 33. Re3 {[%emt 0:00:29]}
Nd3+ {[%emt 0:00:02]} 34. Rxd3 {[%emt 0:00:04]} cxd3 {[%emt 0:00:01]} 35. Qxd3
{[%emt 0:00:05]} Qxe6 {[%emt 0:00:01]} 36. Nd2 {[%emt 0:00:04]} Qxa2 {[%emt 0:
00:04]} 37. Qc4+ {[%emt 0:00:02]} Qxc4 {[%emt 0:00:01]} 38. Nxc4 {[%emt 0:00:
01]} Rc8 {[%emt 0:00:05]} 39. Nd6 {[%emt 0:00:01]} Rxc3+ {[%emt 0:00:01]
Master--Sim bietet Remis} 40. Kd2 {[%emt 0:00:03]} Rff3 {[%emt 0:00:00]} 41.
Ne4 {[%emt 0:00:05]} Rcd3+ {[%emt 0:00:02]} 42. Ke2 {[%emt 0:00:02]} Rfe3+ {
[%emt 0:00:01]} 43. Kf2 {[%emt 0:00:02]} Rxe4 {[%emt 0:00:01]} 44. Rxh7 {[%emt
0:00:02]} Kxh7 {[%emt 0:00:02]} 45. d5 {[%emt 0:00:00]} Rxd5 {[%emt 0:00:01]}
46. Kf3 {[%emt 0:00:03]} Re8 {[%emt 0:00:01]} 47. Kg3 {[%emt 0:00:01]} Rf5 {
[%emt 0:00:01]} 48. Kg4 {[%emt 0:00:01]} Re4+ {[%emt 0:00:02]} 49. Kg3 {[%emt
0:00:00]} Kh6 {[%emt 0:00:02]} 50. Kg2 {[%emt 0:00:12]} Rg4+ {[%emt 0:00:02]}
51. Kh3 {[%emt 0:00:01]} Kh5 {[%emt 0:00:03]} 52. Kh2 {[%emt 0:00:01]} Rf1 {
[%emt 0:00:01]} 53. Kh3 {[%emt 0:00:01]} Rh1# {[%emt 0:00:00]} 0-1

[Event "Benidorm Satellite preliminary"]
[Site "playchess.com #007036"]
[Date "2009.10.24"]
[Round "8"]
[White "JS_Mastropiero"]
[Black "Aref__gm"]
[Result "0-1"]
[WhiteElo "2074"]
[BlackElo "2320"]
[PlyCount "92"]
[EventDate "2009.10.24"]
[EventType "swiss (blitz)"]

1. c4 {[%emt 0:00:02]} c5 {[%emt 0:00:01]} 2. Nf3 {[%emt 0:00:02]} Nc6 {[%emt
0:00:02]} 3. d4 {[%emt 0:00:02]} cxd4 {[%emt 0:00:01]} 4. Nxd4 {[%emt 0:00:00]}
g6 {[%emt 0:00:02]} 5. e4 {[%emt 0:00:01]} Bg7 {[%emt 0:00:01]} 6. Be3 {[%emt
0:00:01]} Nf6 {[%emt 0:00:04]} 7. Nc3 {[%emt 0:00:01]} Ng4 {[%emt 0:00:18]} 8.
Qxg4 {[%emt 0:00:02]} Nxd4 {[%emt 0:00:01]} 9. Qd1 {[%emt 0:00:01]} Ne6 {[%emt
0:00:01]} 10. Qd2 {[%emt 0:00:02]} Qa5 {[%emt 0:00:04]} 11. Rc1 {[%emt 0:00:02]
} O-O {[%emt 0:00:03]} 12. Be2 {[%emt 0:00:01]} d6 {[%emt 0:00:12]} 13. O-O {
[%emt 0:00:04]} Nc5 {[%emt 0:00:08]} 14. f3 {[%emt 0:00:08]} f5 {[%emt 0:00:14]
} 15. exf5 {[%emt 0:00:06]} Bxf5 {[%emt 0:00:04]} 16. b3 {[%emt 0:00:08]} Rad8
{[%emt 0:00:22]} 17. Bd4 {[%emt 0:00:38]} e5 {[%emt 0:00:34]} 18. Be3 {[%emt 0:
00:02]} Ne6 {[%emt 0:00:01]} 19. Bd3 {[%emt 0:00:10]} Nd4 {[%emt 0:00:17]} 20.
Bxf5 {[%emt 0:00:03]} gxf5 {[%emt 0:00:32]} 21. Bxd4 {[%emt 0:00:20]} exd4 {
[%emt 0:00:01]} 22. Ne4 {[%emt 0:00:00]} Qxd2 {[%emt 0:00:22]} 23. Nxd2 {[%emt
0:00:01]} Bh6 {[%emt 0:00:01]} 24. Rcd1 {[%emt 0:00:02]} Be3+ {[%emt 0:00:08]}
25. Kh1 {[%emt 0:00:01]} d5 {[%emt 0:00:01]} 26. cxd5 {[%emt 0:00:06]} Rxd5 {
[%emt 0:00:01]} 27. Nc4 {[%emt 0:00:00]} f4 {[%emt 0:00:04]} 28. Nxe3 {[%emt 0:
00:05]} fxe3 {[%emt 0:00:01]} 29. Rd3 {[%emt 0:00:00]} Rfd8 {[%emt 0:00:08]}
30. Re1 {[%emt 0:00:01]} Kf7 {[%emt 0:00:02]} 31. g3 {[%emt 0:00:03]} Ke6 {
[%emt 0:00:01]} 32. Kg2 {[%emt 0:00:01]} Rc8 {[%emt 0:00:03]} 33. Re2 {[%emt 0:
00:13] .} Ke5 {[%emt 0:00:03]} 34. Kf1 {[%emt 0:00:11]} Rdc5 {[%emt 0:00:02]}
35. Kg2 {[%emt 0:00:11]} Rc2 {[%emt 0:00:02]} 36. Kf1 {[%emt 0:00:02]} Rc1+ {
[%emt 0:00:02]} 37. Kg2 {[%emt 0:00:01]} R1c3 {[%emt 0:00:01]} 38. Rxc3 {[%emt
0:00:02]} Rxc3 {[%emt 0:00:02]} 39. h4 {[%emt 0:00:01]} Rd3 {[%emt 0:00:06]}
40. Kh3 {[%emt 0:00:01]} Rd2 {[%emt 0:00:01]} 41. Re1 {[%emt 0:00:01]} e2 {
[%emt 0:00:01]} 42. Kg2 {[%emt 0:00:03]} d3 {[%emt 0:00:00]} 43. Kf2 {[%emt 0:
00:00]} Kd4 {[%emt 0:00:01]} 44. g4 {[%emt 0:00:01]} Rd1 {[%emt 0:00:02]} 45.
g5 {[%emt 0:00:03]} Rxe1 {[%emt 0:00:01]} 46. Kxe1 {[%emt 0:00:01]} Ke3 {[%emt
0:00:00] JS_Mastropiero rinde} 0-1

[Event "Benidorm Satellite preliminary"]
[Site "playchess.com #007036"]
[Date "2009.10.24"]
[Round "8"]
[White "Knetterbernd"]
[Black "Misu2008"]
[Result "0-1"]
[WhiteElo "2220"]
[BlackElo "1820"]
[PlyCount "110"]
[EventDate "2009.10.24"]
[EventType "swiss (blitz)"]

1. e4 {[%emt 0:00:00]} d5 {[%emt 0:00:02]} 2. exd5 {[%emt 0:00:01]} Nf6 {[%emt
0:00:01]} 3. Nf3 {[%emt 0:00:02]} Nxd5 {[%emt 0:00:01]} 4. c4 {[%emt 0:00:01]}
Nb6 {[%emt 0:00:09]} 5. c5 {[%emt 0:00:02]} Nd5 {[%emt 0:00:02]} 6. Bc4 {[%emt
0:00:02]} c6 {[%emt 0:00:02]} 7. Qb3 {[%emt 0:00:05]} b5 {[%emt 0:00:28]} 8.
cxb6 {[%emt 0:00:06]} axb6 {[%emt 0:00:08]} 9. Nc3 {[%emt 0:00:03]} e6 {[%emt
0:00:06]} 10. d4 {[%emt 0:00:03]} Ba6 {[%emt 0:00:08]} 11. O-O {[%emt 0:00:04]}
Be7 {[%emt 0:00:28]} 12. Ne5 {[%emt 0:00:06]} O-O {[%emt 0:00:17]} 13. Ne4 {
[%emt 0:00:05]} Bf6 {[%emt 0:00:25]} 14. Nxf6+ {[%emt 0:00:05]} Nxf6 {[%emt 0:
00:02]} 15. Be3 {[%emt 0:00:08]} Nd5 {[%emt 0:00:03]} 16. Bxa6 {[%emt 0:00:09]}
Rxa6 {[%emt 0:00:07]} 17. Rac1 {[%emt 0:00:03]} Qd6 {[%emt 0:00:08]} 18. Nc4 {
[%emt 0:00:08]} Qd8 {[%emt 0:00:16]} 19. Ne5 {[%emt 0:00:03]} Qd6 {[%emt 0:00:
15]} 20. a3 {[%emt 0:00:01]} Nxe3 {[%emt 0:00:08]} 21. fxe3 {[%emt 0:00:02]} c5
{[%emt 0:00:07]} 22. Nc4 {[%emt 0:00:09]} Qd5 {[%emt 0:00:02]} 23. Rfd1 {[%emt
0:00:06]} Nc6 {[%emt 0:00:11]} 24. Nd2 {[%emt 0:00:06]} Qxb3 {[%emt 0:00:02]}
25. Nxb3 {[%emt 0:00:00]} Na5 {[%emt 0:00:07]} 26. Nxa5 {[%emt 0:00:09]} Rxa5 {
[%emt 0:00:00]} 27. dxc5 {[%emt 0:00:01]} Rxc5 {[%emt 0:00:02]} 28. Rxc5 {
[%emt 0:00:01]} bxc5 {[%emt 0:00:01]} 29. Rd7 {[%emt 0:00:01]} Rb8 {[%emt 0:00:
04]} 30. b4 {[%emt 0:00:06]} cxb4 {[%emt 0:00:02]} 31. axb4 {[%emt 0:00:00]} g6
{[%emt 0:00:01]} 32. Rd4 {[%emt 0:00:02]} e5 {[%emt 0:00:02]} 33. Rc4 {[%emt 0:
00:02]} Kf8 {[%emt 0:00:01]} 34. Kf2 {[%emt 0:00:02]} Ke7 {[%emt 0:00:02]} 35.
Ke2 {[%emt 0:00:01]} Ke6 {[%emt 0:00:00]} 36. Kd3 {[%emt 0:00:03]} Kd5 {[%emt
0:00:00]} 37. e4+ {[%emt 0:00:04]} Kd6 {[%emt 0:00:01]} 38. Kc3 {[%emt 0:00:01]
} f5 {[%emt 0:00:02]} 39. exf5 {[%emt 0:00:10]} gxf5 {[%emt 0:00:02]} 40. Rh4 {
[%emt 0:00:02]} Rb7 {[%emt 0:00:02]} 41. Kc4 {[%emt 0:00:04]} Rc7+ {[%emt 0:00:
06]} 42. Kb3 {[%emt 0:00:01]} e4 {[%emt 0:00:01]} 43. Rf4 {[%emt 0:00:12]} Ke5
{[%emt 0:00:01]} 44. g3 {[%emt 0:00:04]} e3 {[%emt 0:00:02]} 45. Rf1 {[%emt 0:
00:04]} Ke4 {[%emt 0:00:01]} 46. b5 {[%emt 0:00:01]} e2 {[%emt 0:00:02]} 47.
Re1 {[%emt 0:00:02]} Kd3 {[%emt 0:00:01]} 48. Kb4 {[%emt 0:00:02]} Kd2 {[%emt
0:00:01]} 49. Rg1 {[%emt 0:00:03]} e1=Q {[%emt 0:00:01]} 50. Rxe1 {[%emt 0:00:
01]} Kxe1 {[%emt 0:00:01]} 51. b6 {[%emt 0:00:00]} Rg7 {[%emt 0:00:02]} 52. Kc5
{[%emt 0:00:01]} Kf2 {[%emt 0:00:01]} 53. Kc6 {[%emt 0:00:01]} Kg2 {[%emt 0:00:
01]} 54. b7 {[%emt 0:00:01]} Rxb7 {[%emt 0:00:02]} 55. Kxb7 {[%emt 0:00:01]}
Kxh2 {[%emt 0:00:00] Knetterbernd gibt auf} 0-1

[Event "Benidorm Satellite preliminary"]
[Site "playchess.com #007036"]
[Date "2009.10.24"]
[Round "8"]
[White "FaIlWoRd"]
[Black "Maximums"]
[Result "1/2-1/2"]
[WhiteElo "2707"]
[BlackElo "2648"]
[PlyCount "93"]
[EventDate "2009.10.24"]
[EventType "swiss (blitz)"]

1. e4 {[%emt 0:00:01]} c5 {[%emt 0:00:01]} 2. c3 {[%emt 0:00:02]} Nf6 {[%emt 0:
00:02]} 3. e5 {[%emt 0:00:01]} Nd5 {[%emt 0:00:01]} 4. d4 {[%emt 0:00:00]} cxd4
{[%emt 0:00:01]} 5. Nf3 {[%emt 0:00:01]} d6 {[%emt 0:00:01]} 6. cxd4 {[%emt 0:
00:01]} Nc6 {[%emt 0:00:02]} 7. Bc4 {[%emt 0:00:01]} Nb6 {[%emt 0:00:02]} 8.
Bb5 {[%emt 0:00:01]} dxe5 {[%emt 0:00:01]} 9. Nxe5 {[%emt 0:00:00]} Bd7 {[%emt
0:00:01]} 10. Nxd7 {[%emt 0:00:00]} Qxd7 {[%emt 0:00:01]} 11. O-O {[%emt 0:00:
01]} e6 {[%emt 0:00:02]} 12. Nc3 {[%emt 0:00:00]} Be7 {[%emt 0:00:02]} 13. Qg4
{[%emt 0:00:00]} O-O {[%emt 0:00:02]} 14. Bxc6 {[%emt 0:00:00]} bxc6 {[%emt 0:
00:20]} 15. Bh6 {[%emt 0:00:01]} Bf6 {[%emt 0:00:03]} 16. Rfd1 {[%emt 0:00:01]}
Kh8 {[%emt 0:00:05]} 17. Ne4 {[%emt 0:00:00]} Qe7 {[%emt 0:00:09]} 18. Bg5 {
[%emt 0:00:01]} Bxg5 {[%emt 0:00:02]} 19. Qxg5 {[%emt 0:00:00]} Qxg5 {[%emt 0:
00:03]} 20. Nxg5 {[%emt 0:00:00]} h6 {[%emt 0:00:12]} 21. Nf3 {[%emt 0:00:03]}
Nd7 {[%emt 0:00:18]} 22. Rac1 {[%emt 0:00:04]} Rfc8 {[%emt 0:00:01]} 23. Rd3 {
[%emt 0:00:08]} Rab8 {[%emt 0:00:02]} 24. b3 {[%emt 0:00:04]} Rb6 {[%emt 0:00:
04]} 25. Rdc3 {[%emt 0:00:06]} Kg8 {[%emt 0:00:10]} 26. Kf1 {[%emt 0:00:02]}
Kf8 {[%emt 0:00:02]} 27. Ke2 {[%emt 0:00:09]} Ke7 {[%emt 0:00:02]} 28. R1c2 {
[%emt 0:00:05]} f6 {[%emt 0:00:07]} 29. Nd2 {[%emt 0:00:07]} Ra6 {[%emt 0:00:
09]} 30. Ne4 {[%emt 0:00:20]} f5 {[%emt 0:00:06]} 31. Nd2 {[%emt 0:00:09]} Nf6
{[%emt 0:00:07]} 32. Rc5 {[%emt 0:00:21]} Nd7 {[%emt 0:00:05]} 33. R5c4 {[%emt
0:00:06]} Kd6 {[%emt 0:00:02]} 34. h4 {[%emt 0:00:14]} g6 {[%emt 0:00:14]} 35.
Nf3 {[%emt 0:00:06]} Ra5 {[%emt 0:00:07]} 36. g3 {[%emt 0:00:12]} Rd5 {[%emt 0:
00:03]} 37. Ke3 {[%emt 0:00:15]} a5 {[%emt 0:00:04]} 38. Ne1 {[%emt 0:00:11]}
e5 {[%emt 0:00:04]} 39. dxe5+ {[%emt 0:00:31]} Nxe5 {[%emt 0:00:02]} 40. Rd4 {
[%emt 0:00:08]} Re8 {[%emt 0:00:02]} 41. Rxd5+ {[%emt 0:00:03]} cxd5 {[%emt 0:
00:02]} 42. Kd2 {[%emt 0:00:08]} d4 {[%emt 0:00:08]} 43. Nd3 {[%emt 0:00:14]}
Nf3+ {[%emt 0:00:01]} 44. Kd1 {[%emt 0:00:04]} Ne5 {[%emt 0:00:08]} 45. Kd2 {
[%emt 0:00:04]} Nf3+ {[%emt 0:00:01]} 46. Kd1 {[%emt 0:00:01]} Ne5 {[%emt 0:00:
04]} 47. Kd2 {[%emt 0:00:01]} 1/2-1/2

[Event "Benidorm Satellite preliminary"]
[Site "playchess.com #007036"]
[Date "2009.10.24"]
[Round "8"]
[White "Necromant"]
[Black "Džundi"]
[Result "1-0"]
[WhiteElo "2461"]
[BlackElo "2624"]
[PlyCount "113"]
[EventDate "2009.10.24"]
[EventType "swiss (blitz)"]

1. e4 {[%emt 0:00:03]} Nf6 {[%emt 0:00:01]} 2. e5 {[%emt 0:00:01]} Nd5 {[%emt
0:00:01]} 3. d4 {[%emt 0:00:00]} d6 {[%emt 0:00:01]} 4. Nf3 {[%emt 0:00:00]}
Bg4 {[%emt 0:00:02]} 5. Be2 {[%emt 0:00:00]} e6 {[%emt 0:00:01]} 6. O-O {[%emt
0:00:00]} Be7 {[%emt 0:00:01]} 7. c4 {[%emt 0:00:00]} Nb6 {[%emt 0:00:02]} 8.
Nc3 {[%emt 0:00:00]} O-O {[%emt 0:00:02]} 9. Be3 {[%emt 0:00:02]} N8d7 {[%emt
0:00:02]} 10. b3 {[%emt 0:00:18]} Bxf3 {[%emt 0:00:09]} 11. Bxf3 {[%emt 0:00:
02]} dxe5 {[%emt 0:00:00]} 12. Bxb7 {[%emt 0:00:02]} Rb8 {[%emt 0:00:02]} 13.
Bc6 {[%emt 0:00:11]} exd4 {[%emt 0:00:01]} 14. Bxd4 {[%emt 0:00:01]} Bf6 {
[%emt 0:00:07]} 15. Nb5 {[%emt 0:00:29]} a6 {[%emt 0:00:06]} 16. Bxf6 {[%emt 0:
00:18]} Nxf6 {[%emt 0:00:16]} 17. Qxd8 {[%emt 0:00:19]} Rfxd8 {[%emt 0:00:02]}
18. Na7 {[%emt 0:00:09]} Rd2 {[%emt 0:00:14]} 19. Rfd1 {[%emt 0:00:02]} Rbd8 {
[%emt 0:00:01]} 20. Bf3 {[%emt 0:00:10]} c5 {[%emt 0:00:02]} 21. Nc6 {[%emt 0:
00:08]} R8d6 {[%emt 0:00:04]} 22. Rxd2 {[%emt 0:00:06]} Rxd2 {[%emt 0:00:02]}
23. Rd1 {[%emt 0:00:01]} Rxd1+ {[%emt 0:00:03]} 24. Bxd1 {[%emt 0:00:00]} Nfd7
{[%emt 0:00:01]} 25. f4 {[%emt 0:00:12]} Kf8 {[%emt 0:00:09]} 26. Kf2 {[%emt 0:
00:01]} Nc8 {[%emt 0:00:02]} 27. Ke3 {[%emt 0:00:12]} Ne7 {[%emt 0:00:01]} 28.
Nxe7 {[%emt 0:00:03]} Kxe7 {[%emt 0:00:01]} 29. a3 {[%emt 0:00:07]} a5 {[%emt
0:00:02]} 30. g4 {[%emt 0:00:05]} Kd6 {[%emt 0:00:03]} 31. Bc2 {[%emt 0:00:04]}
h6 {[%emt 0:00:02]} 32. h4 {[%emt 0:00:03]} e5 {[%emt 0:00:11]} 33. g5 {[%emt
0:00:12]} exf4+ {[%emt 0:00:06]} 34. Kxf4 {[%emt 0:00:01]} hxg5+ {[%emt 0:00:
01]} 35. hxg5 {[%emt 0:00:10]} Ne5 {[%emt 0:00:01]} 36. Be4 {[%emt 0:00:01]} g6
{[%emt 0:00:07]} 37. Bd5 {[%emt 0:00:10]} Nd3+ {[%emt 0:00:02]} 38. Ke3 {[%emt
0:00:01]} Ne5 {[%emt 0:00:02]} 39. Ke4 {[%emt 0:00:02]} Nc6 {[%emt 0:00:37] '}
40. Bxc6 {[%emt 0:00:14]} Kxc6 {[%emt 0:00:01]} 41. Ke5 {[%emt 0:00:01]} Kc7 {
[%emt 0:00:04]} 42. Kf6 {[%emt 0:00:06]} Kd6 {[%emt 0:00:02]} 43. Kxf7 {[%emt
0:00:01]} Ke5 {[%emt 0:00:00]} 44. Kxg6 {[%emt 0:00:01]} Kd4 {[%emt 0:00:00]}
45. Kf5 {[%emt 0:00:01]} Kc3 {[%emt 0:00:00]} 46. g6 {[%emt 0:00:01]} Kxb3 {
[%emt 0:00:00]} 47. g7 {[%emt 0:00:00]} Kxc4 {[%emt 0:00:00]} 48. g8=Q+ {[%emt
0:00:01]} Kc3 {[%emt 0:00:00]} 49. Qg7+ {[%emt 0:00:01]} Kb3 {[%emt 0:00:02]}
50. Qg3+ {[%emt 0:00:01]} Kb2 {[%emt 0:00:01]} 51. Qf2+ {[%emt 0:00:02]} Kxa3 {
[%emt 0:00:01]} 52. Qxc5+ {[%emt 0:00:01]} Ka4 {[%emt 0:00:01]} 53. Qb6 {[%emt
0:00:01]} Ka3 {[%emt 0:00:01]} 54. Ke4 {[%emt 0:00:01]} a4 {[%emt 0:00:02]} 55.
Kd3 {[%emt 0:00:01]} Ka2 {[%emt 0:00:01]} 56. Kc2 {[%emt 0:00:01]} a3 {[%emt 0:
00:00]} 57. Qb1# {[%emt 0:00:01]} 1-0